Don't panic The procrastinator's guide to writing an effective term paper [you know who you are] (Registro nro. 32686)

Detalles MARC
000 -ENCABEZADO
Número de control [NR] 00715nam a2200193Ia 4500
008 - DE LONGITUD FIJA DE DATOS DE ELEMENTOS - INFORMACIÓN GENERAL
Elementos de longitud fija [NR] 130821s1996 xxu grff eng
020 ## - NUMERO INTERNACIONAL NORMALIZADO PARA LIBROS [R]
Número Internacional Normalizado del libro [NR] 0942208420
040 ## - FUENTE DE CATALOGACION [NR]
Agencia de catalogación original [NR] Co-BoUCM
Idioma de catalogación [NR] spa
041 00 - CODIGO DE IDIOMA [R]
Código de idioma para texto/pista de sonido o título separado [R] Inglés
100 1# - ASIENTO PRINCIPAL--NOMBRE PERSONAL [NR]
Nombre personal [NR] Posusta, Steven
ID Autoridad 158351
245 10 - MENCION DE TITULO [NR]
Título [NR] Don't panic The procrastinator's guide to writing an effective term paper [you know who you are]
Mención de responsabilidad, etc. [NR] Steven Posusta
260 ## - PUBLICACION, DISTRIBUCION, ETC. (PIE DE IMPRENTA) [R]
Lugar de publicación, distribución, etc. [R] Santa Bárbara (California, Estados Unidos)
Nombre del editor, distribuidor, etc. [R] Bandanna Books
Fecha de publicación, distribución, etc. [R] 1996
300 ## - DESCRIPCION FISICA [R]
Extensión [R] 63 páginas
504 ## - NOTA DE BIBLIOGRAFIA, ETC. [R]
Nota de bibliografía, etc. [NR]
650 04 - ASIENTO SECUNDARIO DE MATERIA - TERMINO TEMATICO [R]
Término temático o nombre geográfico como elemento de entrada [NR] Arte de escribir
Subdivisión de forma [R] Manuales
9 (RLIN) 100440
650 04 - ASIENTO SECUNDARIO DE MATERIA - TERMINO TEMATICO [R]
Término temático o nombre geográfico como elemento de entrada [NR] Estilo literario
Subdivisión de forma [R] Manuales
9 (RLIN) 15088
942 ## - ELEMENTOS DE ENTRADA AGREGADOS (KOHA)
Tipo de ítem principal el descrito en 300a Libro
Sistema de clasificación DEWEY
Tema principal Literatura
Edición 1
Clasificación 808.027
Parte restante de la signatura top. P855D
Existencias
Fecha de último préstamo Total préstamos Signatura topográfica Código de barras Última vez visto Ejemplar Price effective from Tipo de ítem Nota pública (OPAC) Perdido Sistema de clasificación Dañado No prestable Tipo de ítem específico Suprimido Ubicación habitual Ubicación actual Localización Fecha de creación Forma de adquisición Costo
01/08/2006 2 808.027 P855d 100059176 03/12/2025 Ej.1 03/02/2013 Libro ASK   DEWEY     Libro   Claustro Claustro 4to piso 28/02/2003 Compra 55080.00